000 00323nam a2200145Ia 4500
100 _aGoody/ Roy
942 _cRB
654 _aInterface the 8086/8088
245 _aProgramming & Interface the 8086/8088
260 _bMacmillan
_aSingapore
_c1992
082 _a5.265
300 _a392
546 _aENGLISH
999 _c22646
_d22646